A 67 kDa protein with glucosidase and linamarase activity associated with nitrogen storage in the large central vacuoles of protein-storing cells in the secondary phloem of Hevea brasiliensis Muell. Arg (Record no. 53257)

MARC details
000 -LEADER
fixed length control field 00806nam a2200217Ia 4500
100 ## - MAIN ENTRY--AUTHOR NAME
Personal name Tian Wei-Min
245 #2 - TITLE STATEMENT
Title A 67 kDa protein with glucosidase and linamarase activity associated with nitrogen storage in the large central vacuoles of protein-storing cells in the secondary phloem of Hevea brasiliensis Muell. Arg
260 ## - PUBLICATION, DISTRIBUTION, ETC. (IMPRINT)
Name of publisher IRRDB Natural Rubber Conference 2008, 13-15 October 2008, Kuala Lumpur, Malaysia: Abstract of papers
500 ## - GENERAL NOTE
General note Source Year: 2008
650 ## - SUBJECT ADDED ENTRY--TOPICAL TERM
Topical Term 67 kDa protein
650 ## - SUBJECT ADDED ENTRY--TOPICAL TERM
Topical Term CyanogenicB-glucosidase
650 ## - SUBJECT ADDED ENTRY--TOPICAL TERM
Topical Term Nitrogen storage
650 ## - SUBJECT ADDED ENTRY--TOPICAL TERM
Topical Term Tapping panel dryness
700 ## - ADDED ENTRY--PERSONAL NAME
Personal name Chen Yue-Yi
700 ## - ADDED ENTRY--PERSONAL NAME
Personal name Wang Wen-feng
700 ## - ADDED ENTRY--PERSONAL NAME
Personal name Wang Xu-Chu
700 ## - ADDED ENTRY--PERSONAL NAME
Personal name Zhang Hua
856 ## - ELECTRONIC LOCATION AND ACCESS
Uniform Resource Identifier Abst only
942 ## - ADDED ENTRY ELEMENTS (KOHA)
Koha item type Journals
Holdings
Withdrawn status Lost status Damaged status Not for loan Home library Current library Shelving location Date acquired Koha item type
      Journals RRII Library RRII Library Plant physiology 28/01/2009 Journals